| 000 | 00539nam a22001817a 4500 | ||
|---|---|---|---|
| 005 | 20251108171159.0 | ||
| 008 | 250721s1987 xx 000 0 ara d | ||
| 082 | 1 | 4 | _aط/669.1/مطل |
| 100 | 1 | _aمطلق، رفيق | |
| 245 | 1 | 0 | _aالحديد و الفولاذ / |
| 264 | 1 |
_aبيروت : _bمكتبة لبنان، _c1987. |
|
| 300 | _a31ص. | ||
| 490 | 0 | _aكتب الفراشة ، 13 | |
| 650 | 1 | 7 | _aالحديد والصلب |
| 653 | _aاطفال مرحله متوسطه (6-9) سنوات | ||
| 942 |
_2ddc _cBK |
||
| 999 |
_c58640 _d58640 |
||